00673nam a2200265Ia 4500008004100000020001600041100001700057245002100074245001700095260001500112260002000127260000900147300001700156300001100173300001000184650002500194650003500219650001700254650004000271650002200311650002200333650002200355650002200377700000800399160803s9999 xx 000 0 und d a0 545307260 aSenzai, N.H. aShooting Kabul / cN.H. Senzai. aNew York : bScholastic Inc. c2010 a262 pages :  bmap ;  c20 cm aAfghan Americans --  aEmigration and immigration --  aRefugees --  aSan Francisco Bay Area (Calif.) --  xJuvenile fiction. xJuvenile fiction. xJuvenile fiction. xJuvenile fiction. a800